Podnikanie v agropotravinárstve
Salvato in:
| Ente Autore: | |
|---|---|
| Natura: | Libro |
| Lingua: | slovacco |
| Pubblicazione: |
Bratislava
EU
1994
|
| Soggetti: | |
| Tags: |
Nessun Tag, puoi essere il primo ad aggiungerne!!
|
MARC
| LEADER | 00000nam a2200000 4500 | ||
|---|---|---|---|
| 001 | c005162 | ||
| 005 | 20221214074641.0 | ||
| 020 | |a 80-225-0554-4 | ||
| 041 | 0 | |a slo | |
| 044 | |a SK | ||
| 245 | 1 | 0 | |a Podnikanie v agropotravinárstve |
| 264 | 1 | |a Bratislava |b EU |c 1994 | |
| 300 | |a 195 s. | ||
| 610 | 2 | 0 | |a agropotravinárstvo |
| 610 | 2 | 0 | |a agrokomplex |
| 610 | 2 | 0 | |a politika poľnohospodárska |
| 610 | 2 | 0 | |a výroba rastlinná |
| 610 | 2 | 0 | |a výroba živočíšna |
| 610 | 2 | 0 | |a podnik poľnohospodársky |
| 610 | 2 | 0 | |a financovanie podnikov |
| 610 | 2 | 0 | |a podnikanie |
| 710 | 2 | |a Ekonomická univerzita v Bratislave. Fakulta podnikového manažmentu | |